Монгол орон монголчууд (Бичлэгийн дугаар. 590030)

MARC дэлгэрэнгүй
000 -Удирдлага
Ном зүйн бүртгэл тоо буюу кодлох утгыг агуулсан 00932nam a22002297a 4500
003 - ХЯНАЛТЫН ТОО ТОДОРХОЙЛОГЧ
Код MN-UlNLM
005 - ХАМГИЙН СҮҮЛИЙН ҮЕИЙН ХЭЛЦЛИЙН ОГНОО БА ЦАГ
Тухайн бичилтийг бичсэн засварласан сүүлийн огноо. 20220411124633.0
008 - ЕРӨНХИЙ МЭДЭЭЛЭЛ-ЭЛЕМЕНТҮҮДИЙН ӨГӨГДЛИЙН УРТ
fixed length control field 211110t2020 mp ||||| |||| 00| 0 mon d
020 ## - ОЛОН УЛСЫН СТАНДАРТ НОМЫН ДУГААР-ISBN
Олон Улсын Стандарт Номын Дугаар 978-9919-9646-2-7
040 ## - ЭХ СУРВАЛЖИЙГ ТОДОРХОЙЛОН БИЧИХ
Анхны каталогийн байгууллага Монгол Улсын Үндэсний номын сан
084 ## - БУСАД АНГИЛЛЫН ДУГААР
Ангиллын нэр Номын сан номзүйн ангилал
Анги 63.3(5Мон)я6
Зохиогчийн 3-н тэмдэгт М 692
Шинжлэх ухааны мэдлэгийн салбар Түүх - 63
110 ## - ДЭЭД ГАРЧГИЙН МЭДЭЭ
Эрхлэн гаргасан байгууллагын нэр ШУАТУХ
245 1# - ҮНДСЭН ГАРЧИГ
Гарчиг Монгол орон монголчууд
Гарчигт хамааралтай мэдээ Д.Э.Ухтомский 1913 оны экспедицийн дуранд тодорсон умард Монгол Оросын угсаатны зүйн музейн гэрэл зургийн цуглуулга
Оролцогчдын тухай мэдээ Эмхэт. М.В. Федорова, К.Ю. Соловьева, С.Чулуун
260 1# - ГАРАЛТЫН ТУХАЙ МЭДЭЭ
Хэвлэгдсэн газар УБ
Хэвлэлийн газар Соёмбо принтинг
Хэвлэгдсэн он 2020
300 ## - ТООНЫ МЭДЭЭ
Хуудасны тоо 295х
Дагалдах материал Зур
490 ## - БОТИЙН/ЦУВРАЛЫН ТУХАЙ МЭДЭЭ
Ботийн/Цувралын дугаар Б. 7
546 ## - ХЭЛНИЙ ТУХАЙ МЭДЭЭ
Хэл
--
653 ## - ТҮЛХҮҮР ҮГС
Түлхүүр үг Түүх
856 ## - ЭЛЕКТРОН БАЙРЛАЛ БА ХОЛБООС
Төрөл Хэвлэмэл ном
942 ## - ЭЛЕМЕНТИЙН ТӨРӨЛ
Төрөл Ном
Захиалгууд
Буцаан татагдсан төлөв Хасагдсан шалтгаан Гэмтсэн төлөв Данс заагч Захиалах боломжгүй Үндсэн номын сан Одоогийн байршил Салбар танхим Сан хөмрөг 5 Бүртгэсэн огноо Бүрдүүлэлтийн эх үүсвэр Тавиурын заалт Баркод Үнэ Хамгийн сүүлд байсан огноо Нийт уншлаганд гарсан тоо Фактур мөрийн дугаар Төрөл Хамгийн сүүлд уншлаганд гарсан огноо
          МУҮНомын сан салбар МУҮНомын сан салбар МУҮНС салбар | Эрдэм шинжилгээний уншилгын танхим 3 давхар МУҮНС салбар | Эрдэм шинжилгээний уншилгын танхим 3 давхар 2021-12-16 Бэлэг, хандив 20636 000030020636 45000.00 2024-06-11 2 211722.00 Ном 2024-06-11
        Албан хэрэгцээнд МУҮндэсний Номын сан МУҮндэсний Номын сан МУҮНС төв | Архив фонд төв байр МУҮНС төв | Архив фонд төв байр 2021-12-16 Бэлэг, хандив 41960 003110041960 45000.00 2021-11-10   211722.00 Ном